LEADER 01630nam1-2200361---450- 001 990005648650203316 005 20040621 035 $a000564865 035 $aUSA01000564865 035 $a(ALEPH)000564865USA01 035 $a000564865 100 $a20040618d1960----|||y0itaa50------ba 101 $amul 102 $ait 105 $az 00||| 200 1 $aAtti del 12. Congresso internazionale di filosofia = Actes du 12. Congrès international de philosophie = Proceedings of the 12. International congress of philosophy$eVenezia, 12-18 settembre 1958$d=Actes du 12. Congrès international de philosophie.$d=Proceeding of the 12. international congress of philosophy. 210 $aFirenze$cSansoni$d1960 215 $av.$d25 cm. 463 \1$1001990005648640203316$12001 $a<<9: >> Aristotelismo padovano e filosofia aristotelica = Aristotélisme de Padoue et philosophie aristotélicienne = Paduan Aristotelianism and Aristotelian philosopy 510 1 $aActes du 12$hCongrès international de philosophie$3SA0010686 510 1 $aProceeding of the 12$hinternational congress of philosophy$3SA0010687 606 $aFilosofia$2F 620 $dFIRENZE 676 $a190 710 12$aCongresso internazionale di filosofia$c<12.$f; 1958 ; Venezia>$0159882 712 02$aSANSONI 801 0$aIT$bSA$c20111219 912 $a990005648650203316 959 $aBK 969 $aFIL 979 $c20121027$lUSA01$h1525 996 $aAtti del 12. Congresso internazionale di filosofia = Actes du 12. Congrès international de philosophie = Proceedings of the 12. International congress of philosophy$91134559 997 $aUNISA LEADER 01879oam 2200517 450 001 9910707491503321 005 20160810101337.0 035 $a(CKB)5470000002464609 035 $a(OCoLC)956438800 035 $a(OCoLC)995470000002464609 035 $a(EXLCZ)995470000002464609 100 $a20160810d1991 ua 0 101 0 $aeng 135 $aurmn||||||||| 181 $2rdacontent 182 $2rdamedia 183 $2rdacarrier 200 10$aFinancial arrangements between hospitals and hospital-based physicians 210 1$a[Washington, D.C.] :$cDepartment of Health and Human Services, Office of Inspector General,$d1991. 215 $a1 online resource (2 volumes) 300 $aTitle from title screen (viewed July 28, 2016). 300 $a"10/91"--OIG website. 300 $a"OEI-09-89-00330." 300 $a"OEI-09-89-00331." 300 $a"This inspection / management advisory report originally went out under the number of the larger inspection it relates to: OEI-09-89-00330"--Page [1], OEI-09-89-00331. 606 $aMedicaid$xFinance 606 $aFraud investigation$zUnited States 606 $aHospitals$xFinance$xCorrupt practices$zUnited States 606 $aPhysicians$xFinance$xCorrupt practices$zUnited States 606 $aMedicaid fraud 606 $aMedicare fraud 606 $aCollecting of accounts$zUnited States 615 0$aMedicaid$xFinance. 615 0$aFraud investigation 615 0$aHospitals$xFinance$xCorrupt practices 615 0$aPhysicians$xFinance$xCorrupt practices 615 0$aMedicaid fraud. 615 0$aMedicare fraud. 615 0$aCollecting of accounts 801 0$bGPO 801 1$bGPO 801 2$bGPO 906 $aBOOK 912 $a9910707491503321 996 $aFinancial arrangements between hospitals and hospital-based physicians$93299489 997 $aUNINA